|
|
|
|
| LEADER |
00000nab a2200000 a 4500 |
| 001 |
vtls000025199 |
| 003 |
SK-MaSNL |
| 005 |
20260304170636.0 |
| 008 |
250423c1978 xo 0 slo |
| 015 |
|
|
|a SNBRB19rr/mm-uuuuu
|
| 035 |
|
|
|a CL0035293
|
| 035 |
|
|
|a (urnnbn)urn:nbn:sk:snk:ar-a095eg
|
| 035 |
|
|
|a (uuid)3eebf913-ec42-4cb0-bd58-955736e98dc8
|
| 035 |
|
|
|a urn:nbn:sk:snk-ab8dn8
|
| 040 |
|
|
|a SNKBUCL
|b slo
|c SNKBUCL
|e AACR2
|
| 041 |
0 |
|
|a slo
|
| 044 |
|
|
|a xo
|c SK
|
| 080 |
|
|
|a 619
|2 1981
|
| 080 |
|
|
|a 616.9
|2 1981
|
| 080 |
|
|
|a 615.3
|2 1981
|
| 100 |
1 |
|
|a Chumchal, R.
|4 aut
|9 1121662
|
| 245 |
1 |
0 |
|a Gamakony - preparáty na fluorescenčnú diagnostiku vírusových infekcií zvierat
|c R. Chumchal, A. Žuffa, K. Černík
|
| 650 |
0 |
7 |
|a zvieratá
|2 snkbucl
|9 1091
|
| 650 |
0 |
7 |
|a vírusové infekcie
|2 snkbucl
|9 78751
|
| 655 |
|
7 |
|a články z novín a časopisov
|2 snkbucl
|9 267496
|
| 700 |
1 |
|
|a Žuffa, A.
|4 aut
|9 653886
|
| 700 |
1 |
|
|a Černík, Karel,
|d 1931-1986
|4 aut
|9 7877
|
| 773 |
0 |
|
|t Imunoprofylaxia
|g Č. 4 (1978), s. 10-20
|
| 850 |
|
|
|a Slovenská národná knižnica
|
| 852 |
|
|
|a Slovenská národná knižnica
|
| 954 |
|
|
|a odborná, vedecká literatúra pôvodná (slovenská)
|2 lita
|
| 958 |
|
|
|a article9
|
| 958 |
|
|
|a RK
|
| 958 |
|
|
|a MI
|
| 958 |
|
|
|a OND
|
| 958 |
|
|
|a EUIPO
|
| 992 |
|
|
|a RBX
|
| 999 |
|
|
|c 2989710
|d 2991640
|